00369nam a2200133 a 45000010010000000030011000100080041000210350026000620820012000881000022001002450050001222600039001726500024002110000-9718ELIB.Books110520 1987  a(ELIB.Books)0000-9870 aR bWen aWenham, Gordon J. aWord Biblical Commentary Genesis 1-15 (vol-1) bWaco: Word Books, Publisher c1987 aBiblical Commentary